Architecture des annees 30 (L') ou l'inversion des signes (Record n. 79671)

Dettagli MARC
000 -LEADER
fixed length control field 00982nam a2200289Ia 4500
001 - CONTROL NUMBER
control field B7000
003 - CONTROL NUMBER IDENTIFIER
control field IT-RoPAU
008 - FIXED-LENGTH DATA ELEMENTS--GENERAL INFORMATION
fixed length control field 130308s9999 xx 000 0 und d
040 ## - CATALOGING SOURCE
Original cataloging agency IT-RoPAU
040 ## - CATALOGING SOURCE
Transcribing agency IT-RoPAU
041 ## - LANGUAGE CODE
Language code of text/sound track or separate title FRANCESE
100 ## - MAIN ENTRY--PERSONAL NAME
Personal name Boudon Pierre
100 ## - MAIN ENTRY--PERSONAL NAME
Miscellaneous information Codice Aut. SPICS: 11833
245 ## - TITLE STATEMENT
Title Architecture des annees 30 (L') ou l'inversion des signes
245 ## - TITLE STATEMENT
Remainder of title Masses et Culture de masse Dans Les Annees Trente
250 ## - EDITION STATEMENT
Edition statement 1a ed.
260 ## - PUBLICATION, DISTRIBUTION, ETC. (IMPRINT)
Place of publication, distribution, etc. PARIS
260 ## - PUBLICATION, DISTRIBUTION, ETC. (IMPRINT)
Name of publisher, distributor, etc. Ouvrieres
260 ## - PUBLICATION, DISTRIBUTION, ETC. (IMPRINT)
Date of publication, distribution, etc. 1991 [1° Ed.:1991 - Ed.Ling.Originale:1991]
300 ## - PHYSICAL DESCRIPTION
Extent "26 p. (prefazione: no ; testo: 26 [pagine: 137-162])"
500 ## - GENERAL NOTE
General note Architettura degli Anni 30 o L'Inversione dei Segni. vie della Monumentalità. Metropolis: Urbanesimo e Suburbanesimo. scacco Alla Modernita': Casi Tedesco, Italiano e Sovietico.
650 ## - SUBJECT ADDED ENTRY--TOPICAL TERM
Topical term or geographic name as entry element POLITICA DELLA COMUNICAZIONE SOCIALE
650 ## - SUBJECT ADDED ENTRY--TOPICAL TERM
Relator term Codice materia Spics: 3803
942 ## - ADDED ENTRY ELEMENTS (KOHA)
Koha item type LIBRO
957 ## -
-- 1
999 ## - SYSTEM CONTROL NUMBERS (KOHA)
-- 1
Dati di copia
Withdrawn status Lost status Damaged status Not for loan Home library Current library Date acquired Total Checkouts Full call number Date last seen Price effective from Koha item type Public note
    Buone Condizioni Not For Loan SPICS-MEDIATECA SPICS-MEDIATECA 08/03/2013   B7000 08/03/2013 08/03/2013 LIBRO Progressivo inserimento: 11872 / N. Volumi: 0 [=Contributo] Copie: 1 / data import: 1 marzo 2013 - By Epidotti, Trombetti, Vaglietti.
CREDITS: SOCIETA' SAN PAOLO Via A.Severo, 58 - ROMA (RM) & PERIODICI SAN PAOLO SRL Via Giotto, 36 MILANO & CISF Via Giotto, 36 MILANO & EDIZIONI SAN PAOLO SRL,  Piazza Soncino, 5 CINISELLO BALSAMO (MI) -- ITALY